| 000 | 00819nas a2200277 4500 | ||
|---|---|---|---|
| 001 | BR9511356 | ||
| 003 | BR-BrBNA | ||
| 005 | 20231205094606.0 | ||
| 007 | ta | ||
| 008 | 230509b bl.|||p| |||| 00| 00por d | ||
| 040 |
_aBR-BrBNA _bpor _cBiblioteca Nacional de Agricultura |
||
| 041 | _a(Pt) | ||
| 072 | _aC30; L02 | ||
| 100 | 1 | _aCoutinho, H.J.S. | |
| 100 | 1 | _aLanzer, E.A. | |
| 100 | 1 | _aMontenegro, F.B. | |
| 100 | 1 | _aMorales, A. | |
| 245 | 1 | _aSISNUTRI - um sofwere para balanceamento de dieta para rebanho bovino | |
| 650 | _aGado de Corte | ||
| 650 | _aGado Leiteiro | ||
| 650 | _aRacao Balanceada | ||
| 650 | _aInformatica | ||
| 773 | 0 |
_tAgropecuaria Catarinense (Brazil) _xISSN 0103-0779 _g(Sep 1995), v. 8(3) p. 26-28 _wBR9511356 |
|
| 909 |
_a202311 _bLúcia _c55 _dLúcia Elande |
||
| 942 |
_2AGRIS _n0 _cANA |
||
| 999 |
_c145502 _d145502 |
||